| 000 | 00719nam a22002297a 4500 | ||
|---|---|---|---|
| 999 |
_c159234 _d159234 |
||
| 005 | 20181211122009.0 | ||
| 006 | a|||||f|||| 00| 0 | ||
| 007 | tc | ||
| 008 | 180720b xxu||||| |||| 00| 0 eng d | ||
| 010 | _aB-347977-B-347978 | ||
| 020 | _c03.00 | ||
| 035 | _aB-347977 | ||
| 037 | _bA.I.C.B. | ||
| 082 | _a921 | ||
| 100 | _aDavar, A. | ||
| 245 |
_aTansen the Megical Musician _cby A. Davar |
||
| 260 |
_aDelhi _bA.C.I.B. _cN.D. |
||
| 270 |
_aSector-5, Rohini, _bNew Delhi _e110085 |
||
| 300 |
_avarious pages. _c30cm(HB). |
||
| 942 |
_2ddc _cBRLEN _h921 _mDAV |
||